Ley N§ 19.970, anotada y comentada: Sistema Nacional de Registros de ADN

Na minha lista:
Detalhes bibliográficos
Autor principal: Aguilar Aranela, Cristián (Autor)
Formato: Livro
Idioma:espanhol
Publicado em: Santiago Metropolitana 2009
Assuntos:
Tags: Adicionar Tag
Sem tags, seja o primeiro a adicionar uma tag!

MARC

LEADER 00000nam a2200000 a 4500
001 UCH7779
003 CL-VaPUC
008 091126e20090000CL |||||||||||||||||spa|d
020 |a 9789562861076 
082 0 4 |a 344.04196  |b AGU  |2 21 
100 |a Aguilar Aranela, Cristián  |e author  |9 574648 
245 1 0 |a Ley N§ 19.970, anotada y comentada: Sistema Nacional de Registros de ADN 
300 |a 119 p 
942 |c BK 
945 |d 20091126 00:00:00  |a rbrito 
260 |a Santiago  |b Metropolitana  |c 2009 
600 0 7 |a SISTEMA NACIONAL DE REGISTROS DE ADN  |2 CL-VaPUC  |9 544133 
650 7 |a LEY 19.970  |2 CL-VaPUC  |9 544134 
650 0 |a Ácido desoxirribonucleico (ADN)  |9 361158 
650 0 |a Genética  |9 259443 
650 0 |a Biotecnología   |9 259561 
650 0 |a Ingeniería genética  |9 263020 
650 7 |a HUELLAS GENETICAS  |2 CL-VaPUC  |9 544136 
583 |a last modification  |c 20091126 00:00:00  |k Rodrigo Vera 
999 |c 338156  |d 338154 
952 |0 0  |1 0  |4 0  |6 344_041960000000000_AGU_2009  |7 0  |8 A  |9 431020  |a BIBDER  |b BIBDER  |d 2019-11-22  |i 462176K  |o 344.04196 AGU 2009  |p 462176K  |r 2023-01-25  |w 2019-11-22  |y BK  |k DER